000 00400nam a2200169Ia 4500
008 210210b1937 xxu||||| |||| 00| 0 eng d
041 _aeng
082 _a829/332
100 _aDRINWATER (J)
245 _aRobinson of England
260 _aLondon
_bMethuen and Company Limited
_c1937
650 _aRobinson
650 _aof
650 _aEngland
690 _aEnglish Fiction
906 _a016936
999 _c136863
_d136863